| 000 | 00827nam a2200253 i 4500 | ||
|---|---|---|---|
| 001 | bg | ||
| 100 | 1 | _aGADKOWSKI, Tadeusz | |
| 245 | 0 |
_aOdpowiedzialność międzynarodowa państwa za szkodę jądrową / _cTadeusz Gadkowski ; Uniwersytet im. Adama Mickiewicza w Poznaniu. |
|
| 260 |
_aPoznań : _bWydaw. Naukowe UAM, _c1990. |
||
| 300 |
_a189,[1] s. ; _c24 cm. |
||
| 490 | 1 |
_aPrawo, _x0083-4262 ; _v137 |
|
| 504 | _aBibliogr. s.172-184. | ||
| 650 | 9 |
_aPrawo międzynarodowe _xzagadnienia |
|
| 650 | 9 |
_aBezpieczeństwo międzynarodowe _xprawo _xzagadnienia |
|
| 710 | _aUniwersytet im. Adama Mickiewicza (Poznań) | ||
| 830 |
_aPrawo, _x0083-4262 ; |
||
| 020 | _a8323202273 | ||
| 040 | _cBPK | ||
| 041 | _apl | ||
| 080 | _a341 | ||
| 920 | _a83-232-0227-3 | ||
| 942 | _cKS | ||
| 008 | s pl f |000 0 pol | ||
| 999 |
_c35348 _d35348 |
||
| 856 |
_uhttp://koha.tu.koszalin.pl/cgi-bin/koha/opac-detail.pl?biblionumber=35348 _yKatalog online BPK |
||